Cleveland Guardians 2025 Roster - Statistics

General Stats
  • This quiz has been taken 46 times
  • The average score is 19 of 32
Answer Stats
Jersey # Pos Player % Correct
11 3B Jose Ramirez
100%
23 C Bo Naylor
97%
38 LF Steven Kwan
94%
4 SS Brayan Rocchio
90%
9 1B Kyle Manzardo
90%
27 C Austin Hedges
84%
48 BP Emmanuel Clase
84%
1 CF Angel Martinez
77%
36 BP Cade Smith
77%
41 1B Carlos Santana
77%
32 P Gavin Williams
77%
13 SS Gabriel Arias
74%
28 P Tanner Bibee
74%
6 1B David Fry
65%
33 BP Hunter Gaddis
65%
22 RF Nolan Jones
61%
26 P Logan Allen
58%
45 P Luis L. Ortiz
58%
8 CF Lane Thomas
55%
10 2B Daniel Schneemann
48%
44 P Slade Cecconi
48%
57 P Shane Bieber
45%
17 RF Will Brennan
45%
16 BP Jakob Junis
42%
54 P Joey Cantillo
42%
30 RF Johnathan Rodriguez
42%
52 BP Matt Festa
42%
62 BP Erik Sabrowski
35%
49 BP Kolby Allard
35%
34 BP Paul Sewald
19%
91 BP Andrew Walters
16%
59 BP Nic Enright
10%
No matching quizzes found
Score Distribution
Percent of People with Each Score
Percentile by Number Answered
Your Score History
You have not taken this quiz